Escritos políticos de un psiquiatra despistado / (Record no. 190574)

MARC details
000 -LEADER
campo de control de longitud fija 01060nam a2200265 i 4500
001 - NÚMERO DE CONTROL
campo de control 190574
003 - IDENTIFICADOR DE NÚMERO DE CONTROL
campo de control ES-MaACL
005 - FECHA Y HORA DE LA ÚLTIMA TRANSACCIÓN
campo de control 20260131180517.0
008 - DATOS DE LONGITUD FIJA--INFORMACIÓN GENERAL
campo de control de longitud fija 220104s2018 sp 001 0 spa
020 ## - NÚMERO INTERNACIONAL ESTÁNDAR DEL LIBRO
Número Internacional Estándar del Libro 978-84-948808-0-3
080 ## - NÚMERO DE LA CLASIFICACIÓN DECIMAL UNIVERSAL
Número de la Clasificación Decimal Universal 616.89-053.2/.6
100 1# - ENTRADA PRINCIPAL--NOMBRE DE PERSONA
Nombre de persona Pedreira Massa, José Luis,
Fechas asociadas al nombre 1951-
9 (RLIN) 234995
245 10 - MENCIÓN DEL TÍTULO
Título Escritos políticos de un psiquiatra despistado /
Mención de responsabilidad, etc. autor, José Luis Pedreira Massa ; [prólogo de Adriana Lastra ; epílogo de José Manuel Franco].
250 ## - MENCION DE EDICION
Mención de edición 1ª ed.
260 ## - PUBLICACIÓN, DISTRIBUCIÓN, ETC.
Lugar de publicación, distribución, etc. [Madrid] :
Nombre del editor, distribuidor, etc. José Nicolás Ferrando Sandoval,
Fecha de publicación, distribución, etc. 2018.
300 ## - DESCRIPCIÓN FÍSICA
Extensión 174 p. ;
Dimensiones 24 cm.
504 ## - NOTA DE BIBLIOGRAFÍA, ETC.
Nota de bibliografía, etc. Referencias bibliográficas.
505 8# - NOTA DE CONTENIDO CON FORMATO
Nota de contenido con formato Contiene: Parte general ; Elecciones y sus lecciones ; Política sanitaria aplicada ; Temas políticos emergentes
650 #7 - PUNTO DE ACCESO ADICIONAL DE MATERIA--TÉRMINO DE MATERIA
Término de materia o nombre geográfico como elemento de entrada Psiquiatría
Fuente del encabezamiento o término embne
9 (RLIN) 16586
651 #4 - PUNTO DE ACCESO ADICIONAL DE MATERIA--NOMBRE GEOGRÁFICO
Nombre geográfico España-
Subdivisión general Política sanitaria
9 (RLIN) 8440
700 1# - ENTRADA AGREGADA--NOMBRE PERSONAL
Nombre de persona Lastra Fernández, Adriana,
Fechas asociadas al nombre 1979-
9 (RLIN) 173975
700 1# - ENTRADA AGREGADA--NOMBRE PERSONAL
Nombre de persona Franco Pardo, José Manuel,
Fechas asociadas al nombre -1957
9 (RLIN) 173976
852 4# - LOCALIZACIÓN
Ubicación ES-MaACL
Número de control de estantería N-7833
Holdings
Estatus retirado Estado de pérdida Estado de daño No para préstamo Biblioteca de origen Biblioteca actual Ubicación en estantería Fecha de adquisición Fuente de adquisición Total de préstamos Signatura topográfica completa Código de barras Visto por última vez Precio de reemplazo Tipo de ítem Koha
        Biblioteca del Ateneo de Madrid Biblioteca del Ateneo de Madrid Sala Pecera Depósito 2 04/01/2022     N-7833 1202788 23/02/2023 23/02/2023 Libro impreso